000 01863nam a2200289Ia 4500
001 H8522
003 IT-RoPAU
008 130308s9999 xx 000 0 und d
040 _aIT-RoPAU
040 _cIT-RoPAU
041 _aITALIANO
100 _aAA.VV.
100 _gCodice Aut. SPICS: 12000
245 _a23a settimana internazionale della critica - 65a mostra cinematografica Venezia
245 _b23Ø settimana internazionale della Critica - 65Ø mostra Cinematografica Venezia
250 _a1a ed.
260 _aMILANO
260 _bElecta
260 _c2008 [1° Ed.:2008 - Ed.Ling.Originale:2008]
300 _a"110 p. (prefazione: no ; testo: 110 [pagine: 0-0])"
500 _a"Due Funzioni della Sic di B. torri. Tempo di bilanci di F. Di Pace. 7 Film: L'Apprendi L'Apprendista di S. Collardey, a Piccoli passi Verso Vita di M. Causo; Cuvari Noci Guardiani di Notte di N. Kabil, Piccoli rituali nel Silenzio di una Notte di S. Silvestri; Huanggua Cetriolo di Z. Yaowu, Pechinooggi Ecco Cina senza Medaglie di A. De Grandis; Iki Cizgi Due linee di S. Evci, Binari Paralleli di M. Lombardi; Kabuli Kid Il bambino di Kabul di B.Akram, Vita Innanzitutto Anche a Kabul di S. Silvestri; Pranzo di Ferragosto di G. Di Gregorio, Vecchiette senza Arsenico Ne' Merletti di M. Lombardi;
_E11.Ou7! Sell Out! Vendi di Y. Joon Han, Amori senza Certificato di garanzia di M. Causo; Eventi Speciali: Lonsj di E. Sorhaug, Altra faccia del candore Umanità e gli Uccelli nell'Apparente Serenità Norvegese; Pinuccio Lovero sogno di una Morte di mezza Estate di P. Mezzapesa, Provincia dei paesaggi con figure di G. De Pascale. settimana internazionale della Critica di Venezia: programmi delle precedenti Edizioni."
650 _aMANIFESTAZIONI CINEMATOGRAFICHE
650 _eCodice materia Spics: 6815
942 _cBK
957 _71
999 _c93675
_d93675
999 _g1